| 000 | 00000nam##2200000za#4500 |
| 001 | 9.615911 |
| 003 | CaOODSP |
| 005 | 20200514165642 |
| 007 | ta |
| 008 | 150406|2001||||xxc||||| f|0| 0 eng|d |
| 020 | |a0-662-31759-9 |
| 040 | |aCaOODSP|beng |
| 043 | |an-cn--- |
| 086 | 1 |aNH18-23/92E |
| 110 | 2 |aCanada Mortgage and Housing Corporation. |
| 245 | 14|aThe changing nature of work and future housing aspirations of Canadians |
| 260 | |aOttawa - Ontario : |bCanada Mortgage and Housing Corporation |c2001. |
| 300 | |a3p. : |btables ; |c28 cm. |
| 490 | 1 |aResearch highlight. Socio-economic series |v92 |
| 563 | |aPamphlet |
| 590 | |a02-08|b2002-02-22 |
| 690 | 07|aLabour market|2gcpds |
| 690 | 07|aHousing|2gcpds |
| 775 | 08|tL'évolution du marché du travail et des aspirations des canadiens en matière de logement |w(CaOODSP)9.625891 |
| 776 | 0#|tThe changing nature of work and future housing aspirations of Canadians |w(CaOODSP)9.571775 |
| 830 | #0|aResearch highlight. Socio-economic series ;|v92|w(CaOODSP)9.514827 |
| 986 | |a62751 |